000 00823cam a22002771 4500
001 26529
003 BD-RjUL
005 20211209051029.0
008 140322t1963 nyu b 001 0 eng
035 _a(BD-RjUL)26599
035 _a(OCoLC)1618079
040 _aDLC
_cF
_dOCoLC
_dBD-RjUL
_dDLC
_beng
041 _aeng
082 0 0 _a943.155087
_bWIC 1963
100 1 _aWindsor, Philip.
_916512
245 1 0 _aCity on leave :
_ba history of Berlin, 1945-1962 /
260 _aNew York :
_bPraeger,
_cc1963.
300 _a275 p. ;
_c23 cm.
490 0 _aBooks that matter.
504 _aIncludes bibliographical reference and index.
651 0 _aBerlin (Germany)
_xHistory
_y1945-1990
_979214
651 0 _aBerlin (Germany)
_xHistory
_y1945-1990
_979214
942 _2ddc
_cBK
999 _c26529
_d26529